01010nam a2200241 a 4500001001000000003000500010005001700015008004100032010001100073011001100084040000900095100003900104245019800143260004100341500006000382502008600442610004300528650003700571650002600608650002700634650003700661856007000698000113203CHAP20220329144343.0170516s2016 mx sm |||||||spa d a109664 a110636 cCHAP1 aTakata Gutierrez, Martín Satoshi10aElaboración de resoluciones-títulos de concesión para explotar, usar o aprovechar aguas nacionales y/o bienes públicos inherentesh[En línea]cpor Martín Satoshi Takate Gutiérrez. aChapingo, Méx. :bEl autor,c2016. aPara ver el contenido del material haga clic en la liga aTesis (Ing. Agroindustrial ) -- UACH. Departamento de Ingeniería Agroindustrial04aComisión Nacional del Agua. México14aAguaxAprovechamientoxMéxico.14aAguaxConservación.14aAguaxLeyesxMéxico.14aAguas juridiccionaleszMéxico. aFinding aiduhttp://10.13.5.2/tesis/sist113203.pdfzTeclea aquí